<?xml version="1.0" encoding="UTF-8"?>
<record
    xmlns:xsi="http://www.w3.org/2001/XMLSchema-instance"
    xsi:schemaLocation="http://www.loc.gov/MARC21/slim http://www.loc.gov/standards/marcxml/schema/MARC21slim.xsd"
    xmlns="http://www.loc.gov/MARC21/slim">

  <leader>03165cam a2200253 a 4500</leader>
  <controlfield tag="001">12754456</controlfield>
  <controlfield tag="005">20210414114658.0</controlfield>
  <controlfield tag="008">020425s2003    maua     b    001 0 eng  </controlfield>
  <datafield tag="010" ind1=" " ind2=" ">
    <subfield code="a">  2002070890</subfield>
  </datafield>
  <datafield tag="020" ind1=" " ind2=" ">
    <subfield code="a">0321286960</subfield>
  </datafield>
  <datafield tag="040" ind1=" " ind2=" ">
    <subfield code="a">DLC</subfield>
    <subfield code="c">DLC</subfield>
    <subfield code="d">DLC</subfield>
  </datafield>
  <datafield tag="050" ind1="0" ind2="0">
    <subfield code="a">QA135.6.L66</subfield>
  </datafield>
  <datafield tag="082" ind1="0" ind2="0">
    <subfield code="a">511</subfield>
    <subfield code="2">21</subfield>
  </datafield>
  <datafield tag="100" ind1="1" ind2=" ">
    <subfield code="a">Long, Calvin T. </subfield>
  </datafield>
  <datafield tag="245" ind1="1" ind2="0">
    <subfield code="a">Mathematical reasoning for elementary teachers. /</subfield>
    <subfield code="c">Calvin T. Long, Duane W. DeTemple</subfield>
  </datafield>
  <datafield tag="250" ind1=" " ind2=" ">
    <subfield code="a">4th ed.</subfield>
  </datafield>
  <datafield tag="260" ind1=" " ind2=" ">
    <subfield code="a">Boston:</subfield>
    <subfield code="b">Pearson,</subfield>
    <subfield code="c">2006.</subfield>
  </datafield>
  <datafield tag="300" ind1=" " ind2=" ">
    <subfield code="a">xxiv, 983 p +72 :</subfield>
    <subfield code="b">ill. (col.);</subfield>
    <subfield code="c">28 cm.</subfield>
  </datafield>
  <datafield tag="505" ind1=" " ind2=" ">
    <subfield code="a">Contents: 1. Thinking Critically 1.1 An Introduction to Problem Solving 1.2 Polya's Problem-Solving Principles 1.3 More Problem-Solving Strategies 1.4 Additional Problem-Solving Strategies 1.5 Reasoning Mathematically 2. Sets and Whole Numbers 2.1 Sets and Operations on Sets 2.2 Sets, Counting, and the Whole Numbers 2.3 Addition and Subtraction of Whole Numbers 2.4 Multiplication and Division of Whole Numbers 3. Numeration and Computation 3.1 Numeration Systems Past and Present 3.2 Nondecimal Positional Systems 3.3 Algorithms for Addition and Subtraction of Whole Numbers 3.4 Algorithms for Multiplication and Division of Whole Numbers 3.5 Mental Arithmetic and Estimation 3.5  3.6 Getting the most out of your calculator 4. Number Theory 4.1 Divisibility of Natural Numbers 4.2 Tests for Divisibility 4.3 Greatest Common Divisors and Least Common Multiples 4.4 Codes and credit card numbers 5. Integers 5.1 Representations of Integers 5.2 Addition and Subtraction of Integers 5.3 Multiplication and Division of Integers 5.4 Clock arithmetic 6. Fractions and Rational Numbers 6.1 The Basic Concepts of Fractions and Rational Numbers 6.2 The Arithmetic of rational numbers 6.3 The Rational Number System 7. Decimals, Real Numbers, and Proportional Reasoning 7.1 Decimals 7.2 Computations with Decimals 7.3 Ratio and Proportion 7.4 Percent 8. Algebraic Reasoning and representation 8.1 Variables, Algebraic Expressions, and equations 8.2 Functions 8.3 Graphing functions   9. Statistics: the  interpretation of data 9.1  Graphical representation  of data 9.2 Measures of central tendency and variability 9.3 Statistical Inference 10. Probability 10.1 Empirical probability 10.2 Principles of counting  10.3 Theoretical probability 11. Geometric figures 11.1 Figures in the plane 11.2 Curves and polygons in the plane 11.3 Figures in space 11.4 Networks 12. Measurement 12.1 The measurement process 12.2 Area and perimeter 12.3 The Pythagorean Theorem 12.4 Surface Area and volume 13. Transformations, Symmetries, and Tilings 13.1 Rigid Motions and Similarity Transformations 13.2 Patterns and Symmetries 13.3 Tilings and Escher-like Designs 14. Congruence, Constructions, and Similarity 14.1 Congruent Triangles 14.2 Constructing Geometric Figures 14.3 Similar Triangles  Appendices- A. Manipulatives in the Mathematics Classroom B. Spreadsheets C. Graphing calculators. D. A Brief Guide to The Geometer's Sketchpad E. Resources  </subfield>
  </datafield>
  <datafield tag="650" ind1=" " ind2="0">
    <subfield code="a">Mathematics</subfield>
    <subfield code="v">Study and teaching (Elementary)</subfield>
  </datafield>
  <datafield tag="650" ind1=" " ind2="0">
    <subfield code="a">Computer science</subfield>
    <subfield code="x">Mathematics.</subfield>
  </datafield>
  <datafield tag="700" ind1=" " ind2=" ">
    <subfield code="a">DeTemple, Duane</subfield>
  </datafield>
  <datafield tag="942" ind1=" " ind2=" ">
    <subfield code="2">lcc</subfield>
    <subfield code="c">BK</subfield>
  </datafield>
  <datafield tag="999" ind1=" " ind2=" ">
    <subfield code="c">7366</subfield>
    <subfield code="d">14866</subfield>
  </datafield>
  <datafield tag="952" ind1=" " ind2=" ">
    <subfield code="0">0</subfield>
    <subfield code="1">0</subfield>
    <subfield code="2">lcc</subfield>
    <subfield code="4">0</subfield>
    <subfield code="7">0</subfield>
    <subfield code="a">WIUC-KL</subfield>
    <subfield code="b">WIUC-KL</subfield>
    <subfield code="c">GEN</subfield>
    <subfield code="d">2019-11-19</subfield>
    <subfield code="e">STM</subfield>
    <subfield code="o">QA135.6.L66(4e)</subfield>
    <subfield code="p">K/2586/2586/19</subfield>
    <subfield code="r">2020-06-17 00:00:00</subfield>
    <subfield code="t">1</subfield>
    <subfield code="w">2020-06-17</subfield>
    <subfield code="y">BK</subfield>
  </datafield>
  <datafield tag="952" ind1=" " ind2=" ">
    <subfield code="0">0</subfield>
    <subfield code="1">0</subfield>
    <subfield code="2">lcc</subfield>
    <subfield code="4">0</subfield>
    <subfield code="7">0</subfield>
    <subfield code="a">WIUC-KL</subfield>
    <subfield code="b">WIUC-KL</subfield>
    <subfield code="c">GEN</subfield>
    <subfield code="d">2019-11-19</subfield>
    <subfield code="e">STM</subfield>
    <subfield code="l">0</subfield>
    <subfield code="o">QA135.6.L661(4e)</subfield>
    <subfield code="p">K/2587/2587/19</subfield>
    <subfield code="r">2022-02-25 00:00:00</subfield>
    <subfield code="t">2</subfield>
    <subfield code="w">2020-06-17</subfield>
    <subfield code="y">BK</subfield>
  </datafield>
  <datafield tag="952" ind1=" " ind2=" ">
    <subfield code="0">0</subfield>
    <subfield code="1">0</subfield>
    <subfield code="2">lcc</subfield>
    <subfield code="4">0</subfield>
    <subfield code="7">0</subfield>
    <subfield code="a">WIUC-KL</subfield>
    <subfield code="b">WIUC-KL</subfield>
    <subfield code="c">GEN</subfield>
    <subfield code="d">2019-11-19</subfield>
    <subfield code="e">STM</subfield>
    <subfield code="o">QA135.6.L662(4e)</subfield>
    <subfield code="p">K/2588/2588/19</subfield>
    <subfield code="r">2022-02-25 00:00:00</subfield>
    <subfield code="t">3</subfield>
    <subfield code="w">2020-06-17</subfield>
    <subfield code="y">BK</subfield>
  </datafield>
  <datafield tag="952" ind1=" " ind2=" ">
    <subfield code="0">0</subfield>
    <subfield code="1">0</subfield>
    <subfield code="2">lcc</subfield>
    <subfield code="4">0</subfield>
    <subfield code="7">0</subfield>
    <subfield code="a">WIUC-KL</subfield>
    <subfield code="b">WIUC-KL</subfield>
    <subfield code="c">GEN</subfield>
    <subfield code="d">2019-11-19</subfield>
    <subfield code="e">STM</subfield>
    <subfield code="o">QA135.6.L663(4e)</subfield>
    <subfield code="p">K/2589/2589/19</subfield>
    <subfield code="r">2022-02-25 00:00:00</subfield>
    <subfield code="t">4</subfield>
    <subfield code="w">2020-06-17</subfield>
    <subfield code="y">BK</subfield>
  </datafield>
  <datafield tag="952" ind1=" " ind2=" ">
    <subfield code="0">0</subfield>
    <subfield code="1">0</subfield>
    <subfield code="2">lcc</subfield>
    <subfield code="4">0</subfield>
    <subfield code="7">0</subfield>
    <subfield code="a">WIUC-KL</subfield>
    <subfield code="b">WIUC-KL</subfield>
    <subfield code="c">GEN</subfield>
    <subfield code="d">2019-11-19</subfield>
    <subfield code="e">STM</subfield>
    <subfield code="o">QA135.6.L664(4e)</subfield>
    <subfield code="p">K/2590/2590/19</subfield>
    <subfield code="r">2022-02-25 00:00:00</subfield>
    <subfield code="t">5</subfield>
    <subfield code="w">2020-06-17</subfield>
    <subfield code="y">BK</subfield>
  </datafield>
  <datafield tag="952" ind1=" " ind2=" ">
    <subfield code="0">0</subfield>
    <subfield code="1">0</subfield>
    <subfield code="2">lcc</subfield>
    <subfield code="4">0</subfield>
    <subfield code="7">0</subfield>
    <subfield code="a">WIUC-KL</subfield>
    <subfield code="b">WIUC-KL</subfield>
    <subfield code="c">GEN</subfield>
    <subfield code="d">2019-11-19</subfield>
    <subfield code="e">STM</subfield>
    <subfield code="o">QA135.6.L665(4e)</subfield>
    <subfield code="p">K/2591/2591/19</subfield>
    <subfield code="r">2022-02-25 00:00:00</subfield>
    <subfield code="t">6</subfield>
    <subfield code="w">2020-06-17</subfield>
    <subfield code="y">BK</subfield>
  </datafield>
  <datafield tag="952" ind1=" " ind2=" ">
    <subfield code="0">0</subfield>
    <subfield code="1">0</subfield>
    <subfield code="2">lcc</subfield>
    <subfield code="4">0</subfield>
    <subfield code="7">0</subfield>
    <subfield code="a">WIUC-KL</subfield>
    <subfield code="b">WIUC-KL</subfield>
    <subfield code="c">GEN</subfield>
    <subfield code="d">2019-11-19</subfield>
    <subfield code="e">STM</subfield>
    <subfield code="o">QA135.6.L666(4e)</subfield>
    <subfield code="p">K/2592/2592/19</subfield>
    <subfield code="r">2022-02-25 00:00:00</subfield>
    <subfield code="t">7</subfield>
    <subfield code="w">2020-06-17</subfield>
    <subfield code="y">BK</subfield>
  </datafield>
  <datafield tag="952" ind1=" " ind2=" ">
    <subfield code="0">0</subfield>
    <subfield code="1">0</subfield>
    <subfield code="2">lcc</subfield>
    <subfield code="4">0</subfield>
    <subfield code="7">0</subfield>
    <subfield code="a">WIUC-KL</subfield>
    <subfield code="b">WIUC-KL</subfield>
    <subfield code="c">GEN</subfield>
    <subfield code="d">2019-11-19</subfield>
    <subfield code="e">STM</subfield>
    <subfield code="o">QA135.6.L667(4e)</subfield>
    <subfield code="p">K/2593/2593/19</subfield>
    <subfield code="r">2022-02-25 00:00:00</subfield>
    <subfield code="t">8</subfield>
    <subfield code="w">2020-06-17</subfield>
    <subfield code="y">BK</subfield>
  </datafield>
  <datafield tag="952" ind1=" " ind2=" ">
    <subfield code="0">0</subfield>
    <subfield code="1">0</subfield>
    <subfield code="2">lcc</subfield>
    <subfield code="4">0</subfield>
    <subfield code="7">0</subfield>
    <subfield code="a">WIUC-KL</subfield>
    <subfield code="b">WIUC-KL</subfield>
    <subfield code="c">GEN</subfield>
    <subfield code="d">2019-11-19</subfield>
    <subfield code="e">STM</subfield>
    <subfield code="o">QA135.6.L668(4e)</subfield>
    <subfield code="p">K/2594/2594/19</subfield>
    <subfield code="r">2022-02-25 00:00:00</subfield>
    <subfield code="t">9</subfield>
    <subfield code="w">2020-06-17</subfield>
    <subfield code="y">BK</subfield>
  </datafield>
  <datafield tag="952" ind1=" " ind2=" ">
    <subfield code="0">0</subfield>
    <subfield code="1">0</subfield>
    <subfield code="2">lcc</subfield>
    <subfield code="4">0</subfield>
    <subfield code="7">0</subfield>
    <subfield code="a">WIUC-KL</subfield>
    <subfield code="b">WIUC-KL</subfield>
    <subfield code="c">GEN</subfield>
    <subfield code="d">2019-11-19</subfield>
    <subfield code="e">STM</subfield>
    <subfield code="o">QA135.6.L669(4e)</subfield>
    <subfield code="p">K/2595/2595/19</subfield>
    <subfield code="r">2022-02-25 00:00:00</subfield>
    <subfield code="t">10</subfield>
    <subfield code="w">2020-06-17</subfield>
    <subfield code="y">BK</subfield>
  </datafield>
  <datafield tag="952" ind1=" " ind2=" ">
    <subfield code="0">0</subfield>
    <subfield code="1">0</subfield>
    <subfield code="2">lcc</subfield>
    <subfield code="4">0</subfield>
    <subfield code="7">0</subfield>
    <subfield code="a">WIUC-KL</subfield>
    <subfield code="b">WIUC-KL</subfield>
    <subfield code="c">GEN</subfield>
    <subfield code="d">2019-11-19</subfield>
    <subfield code="e">STM</subfield>
    <subfield code="l">0</subfield>
    <subfield code="o">QA135.6.L670(4e)</subfield>
    <subfield code="p">K/2596/2596/19</subfield>
    <subfield code="r">2022-02-25 00:00:00</subfield>
    <subfield code="t">11</subfield>
    <subfield code="w">2020-06-17</subfield>
    <subfield code="y">BK</subfield>
  </datafield>
  <datafield tag="952" ind1=" " ind2=" ">
    <subfield code="0">0</subfield>
    <subfield code="1">0</subfield>
    <subfield code="2">lcc</subfield>
    <subfield code="4">0</subfield>
    <subfield code="7">0</subfield>
    <subfield code="a">WIUC-KL</subfield>
    <subfield code="b">WIUC-KL</subfield>
    <subfield code="c">GEN</subfield>
    <subfield code="d">2019-11-19</subfield>
    <subfield code="e">STM</subfield>
    <subfield code="l">0</subfield>
    <subfield code="o">QA135.6.L671(4e)</subfield>
    <subfield code="p">K/2597/2597/19</subfield>
    <subfield code="r">2022-02-25 00:00:00</subfield>
    <subfield code="t">12</subfield>
    <subfield code="w">2020-06-17</subfield>
    <subfield code="y">BK</subfield>
  </datafield>
  <datafield tag="952" ind1=" " ind2=" ">
    <subfield code="0">0</subfield>
    <subfield code="1">0</subfield>
    <subfield code="2">lcc</subfield>
    <subfield code="4">0</subfield>
    <subfield code="7">0</subfield>
    <subfield code="a">WIUC-KL</subfield>
    <subfield code="b">WIUC-KL</subfield>
    <subfield code="c">GEN</subfield>
    <subfield code="d">2019-11-19</subfield>
    <subfield code="e">STM</subfield>
    <subfield code="l">0</subfield>
    <subfield code="o">QA135.6.L672(4e)</subfield>
    <subfield code="p">K/2598/2598/19</subfield>
    <subfield code="r">2022-02-25 00:00:00</subfield>
    <subfield code="t">13</subfield>
    <subfield code="w">2020-06-17</subfield>
    <subfield code="y">BK</subfield>
  </datafield>
  <datafield tag="952" ind1=" " ind2=" ">
    <subfield code="0">0</subfield>
    <subfield code="1">0</subfield>
    <subfield code="2">lcc</subfield>
    <subfield code="4">0</subfield>
    <subfield code="7">0</subfield>
    <subfield code="a">WIUC-KL</subfield>
    <subfield code="b">WIUC-KL</subfield>
    <subfield code="c">GEN</subfield>
    <subfield code="d">2019-11-19</subfield>
    <subfield code="e">STM</subfield>
    <subfield code="l">0</subfield>
    <subfield code="o">QA135.6.L673(4e)</subfield>
    <subfield code="p">K/2599/2599/19</subfield>
    <subfield code="r">2022-02-25 00:00:00</subfield>
    <subfield code="t">14</subfield>
    <subfield code="w">2020-06-17</subfield>
    <subfield code="y">BK</subfield>
  </datafield>
  <datafield tag="952" ind1=" " ind2=" ">
    <subfield code="0">0</subfield>
    <subfield code="1">0</subfield>
    <subfield code="2">lcc</subfield>
    <subfield code="4">0</subfield>
    <subfield code="7">0</subfield>
    <subfield code="a">WIUC-KL</subfield>
    <subfield code="b">WIUC-KL</subfield>
    <subfield code="c">GEN</subfield>
    <subfield code="d">2019-11-19</subfield>
    <subfield code="e">STM</subfield>
    <subfield code="l">0</subfield>
    <subfield code="o">QA135.6.L674(4e)</subfield>
    <subfield code="p">K/2600/2600/19</subfield>
    <subfield code="r">2022-02-25 00:00:00</subfield>
    <subfield code="t">15</subfield>
    <subfield code="w">2020-06-17</subfield>
    <subfield code="y">BK</subfield>
  </datafield>
</record>
